Beginning database design solutions (Record no. 61172)
[ view plain ]
| 000 -LEADER | |
|---|---|
| fixed length control field | 01126nam a2200301Ia 4500 |
| 100 1# - MAIN ENTRY--AUTHOR NAME | |
| Personal name | Stephens, Rod, |
| 245 10 - TITLE STATEMENT | |
| Title | Beginning database design solutions |
| 260 ## - PUBLICATION, DISTRIBUTION, ETC. (IMPRINT) | |
| Place of publication | Indianapolis, IN : |
| Name of publisher | Wiley Pub., |
| Year of publication | 2009. |
| 300 ## - PHYSICAL DESCRIPTION | |
| Number of Pages | xxii, 510 p. : |
| Other physical details | ill. |
| 490 0# - SERIES STATEMENT | |
| Series statement | Wrox programmer to programmer |
| 500 ## - GENERAL NOTE | |
| General note | Includes index. |
| 650 #0 - SUBJECT ADDED ENTRY--TOPICAL TERM | |
| Topical Term | Database design. |
| Topical Term | Databases. |
| 856 40 - ELECTRONIC LOCATION AND ACCESS | |
| Uniform Resource Identifier | http://site.ebrary.com/lib/rucke/Doc?id=10307548 |
No items available.
